000 01559cas a2200301 4500
005 20170403143242.0
008 880914d19672004mx fr p 0 b0spa c
022 _a0374-5511
040 _aMnMULS
_cMnMULS
_dNIC
_dOCoLC
_dInU
_dAIP
_dNST
_dNSDP
_dNST
_dDLC
_dOCoLC
_dMH
_dOCoLC
_dDLC
_dTxU
_dIU
_dOCoLC
_dCO-BoIAVH
041 0 _aspa
_aeng
044 _ack
090 _aSE
110 2 _aUniversidad Nacional Autónoma de México
_bInstituto de Biología
_980884
245 1 0 _aAnales del Instituto de Biología, Universidad Nacional Autónoma de México.
_pSerie Botánica /
246 1 _aAnales del Instituto de Biología.
_pSerie Botánica
246 3 0 _aSerie Botánica
260 _aMéxico, D.F. :
_bInstituto de Biología, Universidad Nacional Autónoma de México.
_c1967-.
300 _biliustraciones y mapas ;
_c23 x 17 cm.
310 _b1991-2004
_af
321 _b-1990
650 2 6 _aBotánica
_vPublicaciones periódicas
650 2 6 _aBotánica
_zMéxico
_vPublicaciones periódicas
776 0 8 _iOnline version:
_aUniversidad Nacional Autónoma de México. Instituto de Biología.
_tAnales del Instituto de Biología, Universidad Nacional Autónoma de México. Serie Botánica
_w(OCoLC)655493928
780 0 1 _tAnales del Instituto de Biología
_x0076-7174
_w(DLC)sn 95036213
_w(OCoLC)1641855
785 0 7 _tAnales del Instituto de Biología, Universidad Nacional Autónoma de México. Serie Zoología.
_x0368-8720
_w(OCoLC)1589861
785 0 7 _tRevista mexicana de biodiversidad
_w(DLC) 2005229268
_w(OCoLC)61752415
942 _2z
_cREVISTA
_s1
999 _c19458
_d19458